[Event "AUTO-ADV-4905"]
[Site "http://www.queenalice.com/game.php?id=1865982"]
[Date "2025.11.22"]
[Round "1"]
[White "SGF"]
[Black "bdpq"]
[Result "1-0"]
[WhiteElo "1711"]
[BlackElo "1606"]

1. e4 d5 2. Qf3 d4 3. Bc4 e6 4. a3 Bd6 5. Bb5+ Bd7 6. Bxd7+ Nxd7 7. d3 Qf6 8.
Qxf6 Ngxf6 9. f3 O-O-O 10. Bg5 h6 11. Bxf6 Nxf6 12. g4 h5 13. g5 Nd7 14. b4 Bf4
15. h4 Nb6 16. Nh3 e5 17. a4 f6 18. gxf6 gxf6 19. a5 Nd7 20. a6 b6 21. Na3 Rhg8
22. Nxf4 exf4 23. Nc4 Ne5 24. Nxe5 fxe5 25. b5 Rg2 26. O-O-O Rdg8 27. Rdf1 Re2
28. Rhg1 Re8 29. Kd1 Rh2 30. Rh1 Rg2 31. Kc1 Reg8 32. Kb2 Re2 33. Kb3 Rgg2 34.
c4 dxc3 35. Kxc3 Rb2 36. Kc4 Rgc2+ 37. Kd5 Rxb5+ 38. Ke6 Rd2 39. Rhg1 c5 40. Kd6
Rxd3+ 41. Kc6 Rb2 42. Rg8+ Rd8 43. Rfg1 Rd2 44. Rxd8+ Rxd8 45. Rg5 Re8 46. Rxh5
Re6+ 47. Kd5 Re8 48. Rxe5 Rxe5+ 49. Kxe5 b5 50. Kd5 b4 51. Kc4 Kc7 52. h5 Kb6
53. h6 Kxa6 54. h7 Ka5 55. h8=Q Ka4 56. Qa1# 1-0

[Event "AUTO-ADV-4905"]
[Site "http://www.queenalice.com/game.php?id=1865983"]
[Date "2025.11.22"]
[Round "1"]
[White "bdpq"]
[Black "Capixaba789"]
[Result "0-1"]
[WhiteElo "1619"]
[BlackElo "1793"]

1. e4 e5 2. d4 exd4 3. Qxd4 Nc6 4. Qd1 Nf6 5. Be3 Be7 6. Bg5 O-O 7. Nc3 d6 8.
Qf3 Ne5 9. Qe2 Bd7 10. Nd5 Nxd5 11. Bxe7 Nxe7 12. O-O-O N7g6 13. g3 Bc6 14. Nh3
f5 15. f3 Qe8 16. Bg2 f4 17. gxf4 Nxf4 18. Nxf4 Rxf4 19. Qd2 Rf6 20. h4 Qf8 21.
h5 Nxf3 22. Qe3 h6 23. Rdf1 Ng5 24. Rxf6 Qxf6 25. Rf1 Qe6 26. Rf4 Qxa2 27. Kd2
Qxb2 28. Qf2 Re8 29. Bf1 Bxe4 30. Bb5 Qxb5 31. Qxa7 d5 32. Qd4 Nf3+ 33. Rxf3
Bxf3 34. Kc3 Qc4+ 35. Qxc4 dxc4 36. Kxc4 Bxh5 0-1

[Event "AUTO-ADV-4905"]
[Site "http://www.queenalice.com/game.php?id=1865984"]
[Date "2025.11.22"]
[Round "1"]
[White "Capixaba789"]
[Black "bdpq"]
[Result "1/2-1/2"]
[WhiteElo "1760"]
[BlackElo "1606"]

1. d4 d5 2. Nc3 e6 3. f4 Bb4 4. Bd2 Nf6 5. Nf3 O-O 6. e3 Bxc3 7. Bxc3 Ne4 8. Bb4
Re8 9. Bd3 Nd6 10. O-O a5 11. Bd2 Ne4 12. Ne5 Nxd2 13. Qxd2 Nd7 14. Qf2 b6 15.
a3 Nf6 16. c3 c5 17. Qg3 Nh5 18. Qg4 Nf6 19. Qh3 h6 20. Rf3 cxd4 21. exd4 a4 22.
Rg3 Kf8 23. Re1 Bb7 24. f5 Ba6 25. Bc2 b5 26. fxe6 fxe6 27. Bg6 Ne4 28. Rf3+ Ke7
29. Nc6+ Kd7 30. Nxd8 Rexd8 31. Rf7+ Kc6 32. Qxe6+ Nd6 33. Re7 Bc8 34. Qe2 Nc4
35. Be8+ Kb6 36. Qe6+ Bxe6 37. R1xe6+ Ka5 38. Bh5 Nxb2 39. Rxg7 Nc4 40. Rxh6
Nxa3 41. Rhh7 Ka6 42. Rd7 Rdc8 43. Rxd5 Rxc3 44. Rh6+ Ka5 45. Bf3 Rac8 46. h4
Kb4 47. Rf5 Rg8 48. h5 Nc2 49. d5 Nd4 50. Rf4 Kc5 51. Kh2 Rc2 52. d6 Nxf3+ 53.
Rxf3 Rcxg2+ 54. Kh3 Rd2 55. Rf5+ Kc6 56. Rff6 Rd3+ 57. Kh4 a3 58. Rh7 a2 59. d7+
Kc7 60. Ra6 Rdg3 61. Ra7+ Kc6 62. d8=N+ Kc5 63. Ne6+ Kb4 64. Rhg7 R3xg7 65. Nxg7
Kb3 66. Nf5 Kb2 67. h6 a1=Q 68. Rxa1 Kxa1 69. Kh5 b4 70. Nd4 Kb2 71. h7 Rh8 72.
Kh6 Kc3 73. Nb5+ Kd2 74. Kg7 Rb8 75. h8=Q Rxh8 76. Kxh8 b3 77. Na3 Kc3 78. Kg7
b2 79. Kf6 Kb3 80. Nb1 Kc2 81. Na3+ Kb3 82. Nb1 Ka2 83. Nc3+ Ka1 84. Ke5 b1=Q
85. Nxb1 Kxb1 86. Kd4 1/2-1/2

[Event "AUTO-ADV-4905"]
[Site "http://www.queenalice.com/game.php?id=1865985"]
[Date "2025.11.22"]
[Round "1"]
[White "bdpq"]
[Black "Connor"]
[Result "0-1"]
[WhiteElo "1617"]
[BlackElo "1908"]

1. e4 e5 2. d4 exd4 3. Qxd4 Nc6 4. Qd1 Be7 5. Bd3 Nf6 6. Nf3 d6 7. O-O O-O 8.
Be3 Bg4 9. Be2 Nxe4 10. Nbd2 Nxd2 11. Qxd2 Ne5 12. Nxe5 Bxe2 13. Qxe2 dxe5 14.
Rfd1 Qe8 15. f3 Bd6 16. Bg5 Qe6 17. b3 Rfe8 18. f4 exf4 19. Qf3 Qe3+ 20. Kh1
Qxf3 21. gxf3 f6 22. Bh4 Be5 23. Rac1 h6 24. Rd2 Red8 25. Rg2 Rd7 26. c4 Rad8
27. h3 Rd2 28. Rxd2 Rxd2 29. a4 Rb2 30. Bf2 Rxf2 31. Rd1 Rxf3 32. Rb1 Rxh3+ 33.
Kg2 Rd3 34. Kf2 g5 35. b4 h5 36. c5 g4 37. Rh1 Rh3 38. Rd1 g3+ 39. Kg2 Rh2+ 40.
Kg1 f3 41. Rd8+ Kf7 42. Rd3 f2+ 0-1

[Event "AUTO-ADV-4905"]
[Site "http://www.queenalice.com/game.php?id=1865986"]
[Date "2025.11.22"]
[Round "1"]
[White "Connor"]
[Black "bdpq"]
[Result "1-0"]
[WhiteElo "1893"]
[BlackElo "1631"]

1. d4 d5 2. e3 e6 3. c4 Bd7 4. Nc3 dxc4 5. Bxc4 Bb4 6. Nf3 Nc6 7. O-O Na5 8. Bb5
Bxb5 9. Bd2 Bxf1 10. Qxf1 Nf6 11. Qb5+ Nc6 12. Qxb7 O-O 13. Qxc6 Bd6 14. Nb5 Rb8
15. Nxd6 cxd6 16. b4 Rc8 17. Qa4 Qd7 18. Qxd7 Nxd7 19. g3 Nf6 20. Kg2 Ne4 21.
Be1 d5 22. a4 Rc4 23. b5 a6 24. b6 Nd6 25. Ne5 Rb4 26. Bxb4 Rd8 27. Bxd6 Rxd6
28. b7 Rd8 29. Nc6 Re8 30. b8=Q Rxb8 31. Nxb8 a5 32. Rc1 g6 33. Nc6 Kg7 34. Nxa5
Kf6 35. Nc6 Kg5 36. a5 f6 37. a6 1-0

[Event "AUTO-INT-3953"]
[Site "http://www.queenalice.com/game.php?id=1866313"]
[Date "2025.11.28"]
[Round "1"]
[White "SGF"]
[Black "bdpq"]
[Result "1-0"]
[WhiteElo "1765"]
[BlackElo "1577"]

1. e4 d5 2. Qf3 dxe4 3. Qxe4 e6 4. Qf3 Nf6 5. d3 Bd6 6. Be2 Nd5 7. Nc3 Nxc3 8.
bxc3 O-O 9. Bf4 Bxf4 10. Qxf4 Nd7 11. h4 h6 12. O-O-O b6 13. Bf3 Rb8 14. a4 a5
15. g4 Nc5 16. g5 Qd6 17. Qxd6 cxd6 18. gxh6 g6 19. h5 g5 20. Be4 Nxe4 21. dxe4
d5 22. exd5 e5 23. d6 Bg4 24. f3 Bf5 25. Rd5 Bd7 26. Rxe5 f6 27. h7+ Kh8 28. Re7
Bxa4 29. Ne2 Rfe8 30. Nd4 Rbc8 31. d7 Rcd8 32. dxe8=R+ Bxe8 33. Ne6 Rc8 34. Nc7
Bc6 35. Rhe1 a4 36. R1e6 Bxf3 37. Rxf6 a3 38. Rxb6 Bxh5 39. Ra6 Rf8 40. Rxa3 Bf7
41. Ra8 Rxa8 42. Nxa8 Bg6 43. Nc7 Bxh7 44. Nd5 Kg8 45. Nf6+ Kh8 46. Rxh7# 1-0

[Event "AUTO-INT-3953"]
[Site "http://www.queenalice.com/game.php?id=1866314"]
[Date "2025.11.28"]
[Round "1"]
[White "bdpq"]
[Black "SGF"]
[Result "0-1"]
[WhiteElo "1619"]
[BlackElo "1698"]

1. e4 e5 2. d4 Qf6 3. d5 d6 4. Bd3 Be7 5. Nf3 Bg4 6. h3 Bxf3 7. gxf3 a6 8. Qe2
h6 9. Nc3 b5 10. Be3 g5 11. f4 exf4 12. Bd2 Nd7 13. O-O-O f3 14. Qe3 Nc5 15. h4
gxh4 16. Rh3 Qe5 17. Qxf3 Bg5 18. Bxg5 hxg5 19. Be2 Qf4+ 20. Qxf4 gxf4 21. Rf3
h3 22. Rxf4 h2 23. Rh1 O-O-O 24. Rxf7 Re8 25. f3 Ne7 26. f4 Reg8 27. Rxe7 Rg1+
28. Nd1 Rxh1 29. Bg4+ Kd8 30. Rg7 Rg1 31. b4 h1=Q 32. bxc5 Qxe4 33. Rd7+ Ke8 34.
Be6 Qxf4+ 35. Kb2 Qd4+ 36. Nc3 b4 37. Rxc7 Qxc3# 0-1

[Event "AUTO-ADV-4911"]
[Site "http://www.queenalice.com/game.php?id=1867626"]
[Date "2026.1.7"]
[Round "1"]
[White "dosoldini"]
[Black "bdpq"]
[Result "0-1"]
[WhiteElo "1644"]
[BlackElo "1633"]

1. e4 d5 2. Nc3 d4 3. Nd5 Nf6 4. d3 Nxd5 5. exd5 Qxd5 6. h3 Bd7 7. Nf3 e6 8. a3
Bd6 9. g3 Bc6 10. Be2 O-O 11. O-O Bd7 12. Bd2 e5 13. Be1 Nc6 14. c4 dxc3 15.
Bxc3 e4 16. Nd2 exd3 17. Bf3 Qf5 18. Bg4 Qg5 19. Nf3 Qe7 20. Qxd3 Bxg4 21. hxg4
Qd7 22. b4 Qxg4 23. Be1 Rfd8 24. Kg2 Bxg3 25. Qc2 Be5+ 26. Kh1 Qxf3+ 27. Kg1
Qg4+ 0-1

[Event "AUTO-ADV-4911"]
[Site "http://www.queenalice.com/game.php?id=1867627"]
[Date "2026.1.7"]
[Round "1"]
[White "bdpq"]
[Black "dosoldini"]
[Result "0-1"]
[WhiteElo "1650"]
[BlackElo "1627"]

1. e4 e5 2. d4 d5 3. dxe5 d4 4. Nf3 Nc6 5. Be2 h6 6. O-O f5 7. exf5 Bxf5 8. Bb5
Qd5 9. c4 Qe6 10. Nxd4 Qxe5 11. Nxc6 Qf6 12. Qh5+ g6 13. Re1+ Kf7 14. Ne5+ Qxe5
15. Rxe5 gxh5 16. Rxf5+ Kg7 17. Rxh5 c6 18. Ba4 Nf6 19. Rh3 Ng4 20. Rg3 h5 21.
f3 Bc5+ 22. Kh1 Bf2 23. Rh3 Rae8 24. g3 Re1+ 25. Kg2 Rg1# 0-1

[Event "AUTO-ADV-4911"]
[Site "http://www.queenalice.com/game.php?id=1867636"]
[Date "2026.1.7"]
[Round "1"]
[White "Castling"]
[Black "bdpq"]
[Result "0-1"]
[WhiteElo "1769"]
[BlackElo "1614"]

1. e4 d5 2. e5 e6 3. d4 Nc6 4. Nf3 Bb4+ 5. Bd2 Bxd2+ 6. Qxd2 Nge7 7. a3 O-O 8.
Bd3 b6 9. Nc3 f6 10. O-O-O f5 11. Ng5 Bb7 12. Nxe6 Qd7 13. Nxf8 Kxf8 14. f4 Na5
15. Rhe1 Qe6 16. g3 Nc4 17. Qe2 b5 18. Qh5 h6 19. Nxb5 Qc6 20. Nc3 Kg8 21. Bxf5
Qb6 22. Qg4 Qxb2# 0-1

[Event "AUTO-ADV-4911"]
[Site "http://www.queenalice.com/game.php?id=1867637"]
[Date "2026.1.7"]
[Round "1"]
[White "bdpq"]
[Black "Castling"]
[Result "0-1"]
[WhiteElo "1646"]
[BlackElo "1765"]

1. e4 e5 2. d4 Nc6 3. d5 Nd4 4. Be3 Bc5 5. Nf3 h6 6. Bc4 Nxf3+ 7. Qxf3 d6 8.
Bxc5 dxc5 9. O-O Qd6 10. Nc3 a6 11. Ne2 Nf6 12. Ng3 Bd7 13. Nf5 Bxf5 14. Qxf5 b5
15. Bd3 c4 16. Be2 c6 17. Bf3 O-O 18. Rad1 c5 19. Be2 Rae8 20. Bh5 Nxh5 21. Qxh5
a5 22. Qh4 b4 23. Qh3 a4 24. Rfe1 c3 25. bxc3 c4 26. cxb4 Qxb4 27. Re3 Qd6 28.
Rg3 Kh7 29. c3 Rb8 30. Rg4 Rb2 31. a3 Rb3 32. Rh4 Qxa3 33. g4 Rxc3 34. Qf1 Rb8
35. Ra1 Qb3 36. g5 Rd8 37. gxh6 gxh6 38. Rb1 Qa3 39. Rb6 Rc1 40. Rbxh6+ Kg7 41.
R6h5 Rxf1+ 42. Kxf1 Qd3+ 43. Kg2 Rd7 44. f3 Kf8 45. Rxe5 Qd2+ 46. Kg3 Kg7 47.
Kg4 Qg2+ 48. Kf4 Qd2+ 49. Kf5 c3 50. Re8 f6 51. f4 c2 52. Reh8 Rxd5+ 53. exd5
Qxd5+ 54. Kg4 Qd7+ 55. Kf3 Qb7+ 56. Kg3 Qb3+ 57. Kg4 Qe6+ 58. Kf3 Qf5 59. Rd8
c1=Q 60. Rg4+ Qxg4+ 61. Kxg4 Qg1+ 62. Kf3 Qxh2 63. Rd3 f5 64. Rd7+ Kf6 65. Rd6+
Ke7 66. Ra6 Qh1+ 67. Ke3 Qe4+ 68. Kd2 Qxf4+ 69. Kc3 a3 70. Rxa3 Qc1+ 71. Kb4
Qxa3+ 72. Kc4 f4 0-1

[Event "AUTO-INT-3956"]
[Site "http://www.queenalice.com/game.php?id=1867699"]
[Date "2026.1.7"]
[Round "1"]
[White "Hovis"]
[Black "bdpq"]
[Result "1-0"]
[WhiteElo "1578"]
[BlackElo "1665"]

1. e4 d5 2. Nc3 d4 3. Nb5 a6 4. Na3 e5 5. d3 Bxa3 6. bxa3 Nf6 7. Nf3 O-O 8. Ng5
h6 9. Nf3 Be6 10. Be2 Bg4 11. Nxe5 Bxe2 12. Qxe2 Nc6 13. Bf4 a5 14. O-O Ra6 15.
Nc4 a4 16. Rab1 b6 17. e5 Nd5 18. Bxh6 Qh4 19. Bxg7 Kxg7 20. e6 Nf4 21. Qe4 Ne7
22. Qxd4+ f6 23. Qd7 f5 24. Rbe1 Rh8 25. h3 Nxh3+ 26. gxh3 Raa8 27. Qxc7 Kf6 28.
Re3 f4 29. Qe5+ Kg6 30. Rf3 Raf8 31. Kh1 Rh5 32. Qe4+ Rhf5 33. Ne5+ Kf6 34. Nd7+
Kg7 35. Rg1+ Kh6 36. Nxf8 Rxf8 37. Rg4 Qf6 38. Rfxf4 Qa1+ 39. Kh2 Rxf4 40. Qxf4+
Kh5 41. Qg5# 1-0

[Event "AUTO-INT-3956"]
[Site "http://www.queenalice.com/game.php?id=1867700"]
[Date "2026.1.7"]
[Round "1"]
[White "bdpq"]
[Black "Hovis"]
[Result "1-0"]
[WhiteElo "1651"]
[BlackElo "1592"]

1. e4 e5 2. d4 Bd6 3. dxe5 Bxe5 4. Nf3 Qe7 5. Qd5 Nc6 6. Nxe5 Qxe5 7. Qxe5+ Nxe5
8. Bf4 d6 9. Nc3 Nf6 10. Bg5 h6 11. Bxf6 gxf6 12. Be2 Bd7 13. O-O-O O-O-O 14.
Nd5 f5 15. Nf6 Be6 16. b3 fxe4 17. Nd5 Ng6 18. Nf6 Nf4 19. Bf1 h5 20. Nxe4 d5
21. Nc5 Rhg8 22. Nxe6 Nxe6 23. g3 Ng5 24. Bg2 Rg6 25. Bxd5 Rdd6 26. f4 Nh3 27.
c4 Nf2 28. Rhf1 Ng4 29. Bxf7 Rh6 30. Rxd6 cxd6 31. h3 Nf6 32. Re1 Rh7 33. Re7
Rg7 34. Be6+ Kb8 35. Rxg7 Ne4 36. Kc2 Nxg3 37. Rxg3 a5 38. f5 Kc7 39. f6 1-0

[Event "AUTO-OPEN-4633"]
[Site "http://www.queenalice.com/game.php?id=1867765"]
[Date "2026.1.9"]
[Round "1"]
[White "mvson33"]
[Black "bdpq"]
[Result "1-0"]
[WhiteElo "1910"]
[BlackElo "1640"]

1. e4 d5 2. exd5 Qxd5 3. Nc3 Qd8 4. Nf3 e6 5. Bc4 Bb4 6. O-O Bxc3 7. dxc3 Bd7 8.
Bg5 Nf6 9. Re1 O-O 10. Ne5 Nc6 11. Nxd7 Kh8 12. Nxf8 Qxd1 13. Raxd1 Rxf8 14.
Bxf6 gxf6 15. Rd7 Ne5 16. Rxc7 Rb8 17. Bb3 a5 18. a3 b5 19. f4 Ng4 20. Rxf7 a4
21. Ba2 f5 22. Rxe6 Rd8 23. Re1 Nh6 24. Rfe7 Ng4 25. Re8+ Rxe8 26. Rxe8+ Kg7 27.
h3 Nf6 28. Re5 Kg6 29. Rxb5 1-0

[Event "AUTO-OPEN-4633"]
[Site "http://www.queenalice.com/game.php?id=1867766"]
[Date "2026.1.9"]
[Round "1"]
[White "bdpq"]
[Black "mvson33"]
[Result "1-0"]
[WhiteElo "1636"]
[BlackElo "1908"]

1. e4 d5 2. e5 Bf5 3. d4 e6 4. Be3 Nd7 5. Bd3 Bxd3 6. cxd3 Bb4+ 7. Bd2 Bxd2+ 8.
Nxd2 Ne7 9. Ngf3 O-O 10. O-O Ng6 11. Nb3 Rc8 12. Nc5 c6 13. Nxb7 Rc7 14. Nxd8
Rxd8 15. Ng5 c5 16. dxc5 Rxc5 17. Qa4 Rc7 18. Qa5 Rdc8 19. d4 1-0

[Event "AUTO-OPEN-4633"]
[Site "http://www.queenalice.com/game.php?id=1867785"]
[Date "2026.1.9"]
[Round "1"]
[White "Jovanina1"]
[Black "bdpq"]
[Result "1-0"]
[WhiteElo "2199"]
[BlackElo "1635"]

1. f3 e5 2. g3 Bc5 3. e3 Nf6 4. Nh3 O-O 5. Nf2 b6 6. a3 Bb7 7. b4 Bd6 8. Bg2 Nc6
9. d3 b5 10. Bb2 Nd5 11. Qe2 a5 12. c3 axb4 13. cxb4 f6 14. Nd2 Nce7 15. Nde4
Nf5 16. Nd1 Be7 17. Nc5 Bc6 18. e4 Nd4 19. Bxd4 Nb6 20. Be3 f5 21. O-O f4 22.
gxf4 exf4 23. Bf2 Na4 24. Bd4 Bf6 25. e5 Be7 26. Nxa4 Rxa4 27. Bc3 Re8 28. Qd2
Bh4 29. Qxf4 Bg5 30. Qg4 h6 31. f4 Re6 32. fxg5 Rg6 33. Ne3 Rxg5 34. Qf4 Ra8 35.
Kh1 Qe7 36. Bxc6 dxc6 37. Bb2 Rd8 38. d4 Qe6 39. Rf2 c5 40. bxc5 Qe7 41. d5 Rf8
42. Qxf8+ Qxf8 43. Rxf8+ Kxf8 44. a4 bxa4 45. Rxa4 Rg6 46. e6 Ke7 47. Rg4 Rxg4
48. Nxg4 h5 49. Ne5 g5 50. Nc6+ Ke8 51. Bc3 g4 52. Kg2 h4 53. Bf6 h3+ 54. Kg3
Kf8 55. Kxg4 Ke8 56. Kxh3 Kf8 57. e7+ Ke8 58. d6 cxd6 59. cxd6 Kd7 60. Nb8+ Ke8
61. d7+ Kf7 62. d8=Q Kxf6 63. e8=Q+ Kf5 64. Qee7 Kf4 65. Qdf8# 1-0

[Event "AUTO-OPEN-4633"]
[Site "http://www.queenalice.com/game.php?id=1867786"]
[Date "2026.1.9"]
[Round "1"]
[White "bdpq"]
[Black "Jovanina1"]
[Result "0-1"]
[WhiteElo "1635"]
[BlackElo "2220"]

1. e4 c5 2. d4 a6 3. dxc5 Qa5+ 4. Nc3 e6 5. Bd2 Qxc5 6. Nf3 f6 7. Na4 Qc7 8. Bd3
b5 9. Nc3 Bb7 10. O-O Bd6 11. g3 Nc6 12. Bf4 Bxf4 13. Ne2 Bd6 14. c3 Ne5 15.
Nxe5 Bxe5 16. f4 Bd6 17. Nd4 Bc5 18. Kh1 Bxd4 19. cxd4 f5 20. Re1 fxe4 21. Bxe4
Bxe4+ 22. Rxe4 Qc6 23. d5 Qb7 24. Qf3 Nf6 25. Rd4 Nxd5 26. f5 O-O 27. f6 Rxf6
28. Qe4 Qc8 29. Qh4 Qc2 30. Rdd1 Raf8 31. Rg1 Rh6 32. Qxh6 gxh6 33. b3 Rf2 0-1

[Event "AUTO-OPEN-4633"]
[Site "http://www.queenalice.com/game.php?id=1867798"]
[Date "2026.1.9"]
[Round "1"]
[White "jogo"]
[Black "bdpq"]
[Result "1-0"]
[WhiteElo "1829"]
[BlackElo "1649"]

1. e4 d5 2. exd5 Qxd5 3. Nc3 Qd8 4. d4 Nf6 5. Bb5+ Bd7 6. Qe2 a6 7. Bxd7+ Nbxd7
8. g4 e6 9. g5 Bb4 10. gxf6 Bxc3+ 11. bxc3 Nxf6 12. Bg5 Qe7 13. Nf3 O-O-O 14.
O-O-O h6 15. Bd2 Ng4 16. h3 Rd5 17. c4 Rh5 18. hxg4 Rxh1 19. Rxh1 Rd8 20. Kb1
Rd6 21. g5 Rb6+ 22. Ka1 Qa3 23. Rb1 Rc6 24. gxh6 gxh6 25. Rb3 Qf8 26. Ne5 Rd6
27. Bb4 Qd8 28. Bxd6 Qxd6 29. Qe4 c6 30. Nxf7 Qc7 31. Qxe6+ Kb8 32. Qe5 Qxe5 33.
Nxe5 Kc7 34. f4 1-0